Presencia de la cultura precolombina en el arte caribeño contemporáneo / (Registro nro. 15636)

Detalles MARC
000 -CABECERA
campo de control de longitud fija 02954nam a2200397 a 4500
001 - NÚMERO DE CONTROL
campo de control 000047537
003 - IDENTIFICADOR DEL NÚMERO DE CONTROL
campo de control DO-SdBPM
005 - FECHA Y HORA DE LA ÚLTIMA TRANSACCIÓN
campo de control 20260128115126.0
007 - CAMPO FIJO DE DESCRIPCIÓN FÍSICA--INFORMACIÓN GENERAL
campo de control de longitud fija ta
008 - DATOS DE LONGITUD FIJA--INFORMACIÓN GENERAL
campo de control de longitud fija 180626s2000 dr ac 000 0 spa d
020 ## - NÚMERO INTERNACIONAL ESTÁNDAR DEL LIBRO
Número Internacional Estándar del Libro 8489953260
040 ## - FUENTE DE LA CATALOGACIÓN
Centro catalogador/agencia de origen DO-SdBPM
Lengua de catalogación spa
Centro/agencia transcriptor BPMSU
Centro/agencia modificador rda
082 #4 - NÚMERO DE LA CLASIFICACIÓN DECIMAL DEWEY
Número de clasificación 709.03
Número de documento/Ítem S612p 2000
Número de edición 22
111 2# - ENTRADA PRINCIPAL--NOMBRE DE CONGRESO/REUNIÓN
Nombre de congreso/reunión o jurisdicción como elemento de entrada Simposio Regional Incidencias de la"Cultura Precolombina en el Arte Caribeño contemporáneo"
Número del congreso/reunión o número de parte o sección (1:
Fecha del congreso/reunión 1998 : 15-17 enero
Sede del congreso/Lugar de la reunión Santo Domingo, República Dominicana)
Código de función/relación
245 00 - MENCIÓN DE TÍTULO
Título Presencia de la cultura precolombina en el arte caribeño contemporáneo /
Resto del título editora Mildred Canahuate
250 ## - MENCIÓN DE EDICIÓN
Mención de edición 2a. ed.
260 ## - PUBLICACIÓN, DISTRIBUCIÓN, ETC.
Fecha de publicación, distribución, etc.
264 ## - PRODUCCIÓN, PUBLICACIÓN, DISTRIBUCIÓN, FABRICACIÓN Y COPYRIGHT
Producción, publicación, distribución, fabricación y copyright Santo Domingo :
Nombre del de productor, editor, distribuidor, fabricante Banco Central de la República Dominicana ;
-- Fundación de Arte Arawak,,
Fecha de producción, publicación, distribución, fabricación o copyright 208
300 ## - DESCRIPCIÓN FÍSICA
Extensión 80 páginas :
Otras características físicas ilustraciones., retratos. ;
Dimensiones 29 cm.
336 ## - TIPO DE CONTENIDO
Término de tipo de contenido texto
Código de tipo de contenido txt
Fuente rdacontent
337 ## - TIPO DE MEDIO
Nombre/término del tipo de medio sin mediación
Código del tipo de medio n
Fuente rdamedia
338 ## - TIPO DE SOPORTE
Nombre/término del tipo de soporte volumen
Código del tipo de soporte nc
Fuente rdacarrier
490 0# - MENCIÓN DE SERIE
Mención de serie Banco Central de la República Dominicana ; cil. Arawat de investigaciones Antropológicas,
Designación de volumen o secuencia 1
500 ## - NOTA GENERAL
Nota general Textos conferencias presentadas en ocasión del Primer Simposio Regional "Incidencias de la cultura precolombina en arte caribeño contemporáneo"
500 ## - NOTA GENERAL
Nota general Texto a dos columnas
500 ## - NOTA GENERAL
Nota general Incluye referencias bibliográficas y notas al pie de las páginas
505 0# - NOTA DE CONTENIDO CON FORMATO
Nota de contenido con formato Presentación / Fernando Morbán Laucer, 11.-- Presentación / Mildred Canahuate, 13.-- Arte y estados de alteración de conciencia: una visión antropológica / Mario Consens, 15.-- El indigenismo y las artes plásticas dominicanas / Manuel García Arévalo, 17.-- Eros, Thanatos y tainismo en el arte dominicano contemporáneo / Laura Gil Fiallo, 27.-- El chamán y los cemíes: arte vivo / Abelardo Jiménez L., 29.-- La presentación faunística precolombina y su influencia en la plástica contemporánea / Fernando Morbán Laucer, 35.-- Siguiendo las huellas de los arahucanos / Harold Olsen y Fernando Morbán, 39.-- La evolución del arte contemporánea dominicano: una visión antropológica / Luis Alejandro Peguero Guzmán, 53.-- Lo erótico como expresión en el arte taíno / Abil Peralta Agüero, 59.-- La cerámica indigenista de Daniel Silva Pagán / Sebastián Robiou Lamarche, 61.-- Exhibición colectiva de pinturas y esculturas. Presencia de la cultura precolombina en el arte caribeño contemporáneo / Abil Peralta Agüero, 69.-- Apéndice I. Datos biográficos artistas participantes, 73.-- Apéndice II. Notas biográficas de los autores, 77.
590 ## - NOTA LOCAL (RLIN)
Nota local Inventariado, 2026/VM
650 #7 - PUNTO DE ACCESO ADICIONAL DE MATERIA--TÉRMINO DE MATERIA
Término de materia o nombre geográfico como elemento de entrada Arte moderno --
Subdivisión cronológica Siglo XX
Subdivisión de forma Congresos, conferencias, etc
650 #7 - PUNTO DE ACCESO ADICIONAL DE MATERIA--TÉRMINO DE MATERIA
Término de materia o nombre geográfico como elemento de entrada Arte precolombino
Subdivisión de forma Congresos, conferencias, etc
Subdivisión cronológica
650 #7 - PUNTO DE ACCESO ADICIONAL DE MATERIA--TÉRMINO DE MATERIA
Término de materia o nombre geográfico como elemento de entrada Culturas indígenas
Subdivisión de forma Congresos, conferencias, etc.
700 1# - PUNTO DE ACCESO ADICIONAL--NOMBRE DE PERSONA
Nombre de persona Canahuate, Mildres
Código de función/relación editora
710 2# - PUNTO DE ACCESO ADICIONAL--NOMBRE DE ENTIDAD CORPORATIVA
Nombre de entidad corporativa o nombre de jurisdicción como elemento de entrada Banco Central de la República Dominicana
910 ## - DATOS DE OPCIÓN DEL USUARIO (OCLC)
Datos de opción del usuario VMateo V. Control de calidad. BPMSU
942 ## - ELEMENTOS DE PUNTO DE ACCESO ADICIONAL (KOHA)
Fuente del sistema de clasificación o colocación Dewey Decimal Classification
Tipo de ítem Koha Libros
Existencias
Estado de retiro Estado de pérdida Fuente del sistema de clasificación o colocación No para préstamo Código de colección Localización permanente Ubicación/localización actual Fecha de adquisición Total de préstamos Signatura topográfica completa Código de barras Fecha visto por última vez Precio válido a partir de Tipo de ítem Koha
    Dewey Decimal Classification   Colección Dominicana Biblioteca Pública Metropolitana Salomé Ureña Biblioteca Pública Metropolitana Salomé Ureña 01/28/2026   BPMSU CD 709.03 S612p 2000 BPMSU26010062 01/28/2026 01/28/2026 Libros